[Event "ACP-Knockout-2020-Open R2"]
[Site "Emanuel Lasker Arena"]
[Date "2020.07.25"]
[Round "1.1"]
[White "Zerowolf"]
[Black "Aleks73"]
[Result "0-1"]
[WhiteElo "2812"]
[BlackElo "1620"]
[Annotator "NA RC"]
[PlyCount "84"]
[EventDate "2020.07.25"]
[EventType "match (blitz)"]

1. d4 {[%emt 0:00:07]} Nf6 {[%emt 0:00:02]} 2. c4 {[%emt 0:00:01]} e6 {[%emt 0:00:01]} 3. Nf3 {[%emt 0:00:02]} d5 {[%emt 0:00:01]} 4. g3 {[%emt 0:00:01]} dxc4 {[%emt 0:00:02]} 5. Bg2 {[%emt 0:00:01]} Nc6 {[%emt 0:00:01]} 6. Qa4 {[%emt 0:00:02]} Bb4+ {[%emt 0:00:02]} 7. Bd2 {[%emt 0:00:01]} Bd6 {[%emt 0:00:01]} 8. Na3 {[%emt 0:00:07]} O-O {[%emt 0:00:03]} 9. Nxc4 {[%emt 0:00:02]} Ne4 {[%emt 0:00:01]} 10. Be3 {[%emt 0:00:07]} Bb4+ {[%emt 0:00:16]} 11. Kf1 {[%emt 0:00:12]} Bd7 {[%emt 0:02:24]} 12. Rd1 {[%emt 0:02:36]} Nd6 {[%emt 0:00:41]} 13. Nce5 {[%emt 0:00:25]} Nxe5 {[%emt 0:00:36]} 14. Qxb4 {[%emt 0:00:02]} Nec4 {[%emt 0:01:58]} 15. Bg5 {[%emt 0:01:52]} f6 {[%emt 0:03:45]} 16. Bc1 {[%emt 0:01:01]} Bc6 {[%emt 0:00:01]} 17. Ne1 {[%emt 0:01:03]} Bxg2+ {[%emt 0:00:12]} 18. Kxg2 {[%emt 0:00:00]} Qd7 {[%emt 0:00:13]} 19. Nd3 {[%emt 0:00:35]} Qc6+ {[%emt 0:00:02]} 20. f3 {[%emt 0:00:01]} Nf5 {[%emt 0:01:10]} 21. Kf2 {[%emt 0:00:01]} Rfd8 {[%emt 0:00:05]} 22. b3 {[%emt 0:00:29]} Nb6 {[%emt 0:00:03]} 23. Bb2 {[%emt 0:00:15]} Qd6 {[%emt 0:00:09]} 24. Qxd6 {[%emt 0:00:45]} cxd6 {[%emt 0:00:04]} 25. e4 {[%emt 0:00:01]} Ne7 {[%emt 0:00:01]} 26. a4 {[%emt 0:00:10]} Rac8 {[%emt 0:00:03]} 27. Rc1 {[%emt 0:00:15]} Kf7 {[%emt 0:00:02]} 28. Ba3 {[%emt 0:00:16]} Nc6 {[%emt 0:00:02]} 29. Ke3 {[%emt 0:00:12]} Na5 {[%emt 0:00:01]} 30. Rxc8 {[%emt 0:00:10]} Rxc8 {[%emt 0:00:01]} 31. Bxd6 {[%emt 0:00:52]} Nxb3 {[%emt 0:00:02]} 32. Bc5 {[%emt 0:00:23]} Nc4+ {[%emt 0:00:14]} 33. Kf2 {[%emt 0:00:06]} b6 {[%emt 0:00:01]} 34. Bb4 {[%emt 0:00:05]} Nxd4 {[%emt 0:00:01]} 35. Rc1 {[%emt 0:00:06]} e5 {[%emt 0:00:02]} 36. f4 {[%emt 0:00:07]} Ke6 {[%emt 0:00:02]} 37. Bc3 {[%emt 0:00:32]} Nd6 {[%emt 0:00:11]} 38. Ke3 {[%emt 0:00:04]} Nc4+ {[%emt 0:00:05]} 39. Kf2 {[%emt 0:00:01]} Nd6 {[%emt 0:00:03]} 40. Ke3 {[%emt 0:00:01]} Nb3 {[%emt 0:00:24]} 41. Rc2 {[%emt 0:00:02] Zerowolf offers a draw} Rc4 {[%emt 0:00:05]} 42. Nf2 {[%emt 0:00:10]} Nc5 {[%emt 0:00:03] Time (Lag: Av=0.51s, max=0.8s)} 0-1

[Event "ACP-Knockout-2020-Open R2"]
[Site "Emanuel Lasker Arena"]
[Date "2020.07.25"]
[Round "1.1"]
[White "Rakhmanator"]
[Black "Alex Donchenko"]
[Result "1/2-1/2"]
[WhiteElo "2757"]
[BlackElo "2044"]
[Annotator "TA"]
[PlyCount "136"]
[EventDate "2020.07.25"]
[EventType "match (blitz)"]

{[%evp 9,136,4,3,16,32,25,23,11,57,70,103,95,112,101,96,100,101,121,116,109,186,180,185,164,168,141,241,242,240,246,224,193,179,190,188,203,198,162,164,79,76,83,158,120,143,140,143,120,216,207,196,200,195,178,200,204,174,166,427,215,279,278,259,201,311,170,406,391,769,612,572,325,1012,1004,898,572,495,0,797,0,352,225,197,60,562,313,309,286,593,193,184,176,198,0,0,0,0,0,0,0,0,0,0,0,0,0,0,0,0,0,0,0,0,0,0,0,0,0,0,0,0,0,0,0,0,0,0,0,0]} 1. c4 e5 2. Nf3 e4 3. Nd4 Nc6 4. e3 Nf6 5. Nc3 Bc5 6. Nde2 {A20: English Opening: 1...e5.} O-O 7. Ng3 Re8 8. a3 {[#] White has an edge.} d6 $146 ({Predecessor:} 8... b6 9. Qc2 Bb7 10. Be2 Ne5 11. O-O Ng6 12. b4 Bd6 13. Bb2 Be5 14. Nb5 Bxb2 15. Qxb2 {1-0 (41) Cardoso Garcia,S (2020)-Lizorkina,V (2056) LSS email 2011}) 9. Qc2 Qe7 10. b4 {[%cal Bb2b4,Bb4b5][%mdl 32]} Bb6 11. Bb2 a5 12. b5 Nb8 13. Be2 Nbd7 14. O-O Nc5 (14... c6 $16) 15. f3 $18 c6 16. bxc6 bxc6 17. fxe4 Ncxe4 (17... Rb8 $16) 18. Ncxe4 Nxe4 19. Nxe4 Qxe4 20. Bd3 Qh4 {[#]} 21. Bxg7 $1 {[%mdl 512]} Bxe3+ (21... Kxg7 22. Qb2+) 22. dxe3 Kxg7 23. Rf4 Qe7 24. Raf1 (24. Re1 $18) 24... Qxe3+ $16 25. Kh1 Be6 ({Black should play} 25... f5) 26. Re4 {[%mdl 1024] White has strong compensation.} Qh6 27. Qc3+ Kf8 28. Qd4 $36 {[%mdl 2048] White is in control.} Rad8 (28... Qg7 $16) 29. Rh4 $1 $18 {[%cal Rh4h6]} (29. Qh8+ $6 Ke7 $16) 29... Qg7 {White should prevent ...Qxd4.} 30. Qf4 Qe5 31. Qf2 ({Stronger than} 31. Rxh7 Qxf4 32. Rxf4 Ke7 $11) 31... h5 {[#]} 32. Bg6 $1 {[%cal Rg6f7]} Qg7 33. Bxh5 Ke7 $2 (33... Rb8 34. Qf4 Ke7) 34. Bf3 (34. Rf4 $142 {[%cal Rh5f7]} Rf8 35. c5) 34... c5 35. Rf4 {And now Bd5 would win.} Rh8 36. g3 Rdg8 (36... Rb8 {was called for.}) 37. Kg1 (37. Bd5 $142 Rh7 38. Qe3) 37... Qg6 $2 (37... Rb8) 38. Bd5 Rg7 $2 (38... Bxd5 39. cxd5 Rh7 40. Qe1+ (40. Rf6 Qh5 $16) 40... Kf8 41. Qxa5 Kg7 42. Rxf7+ Kh8) 39. Bxe6 fxe6 {[#]} 40. Qb2 $1 {[%mdl 512] White threatens Qb7+ and mate.} Rd8 $2 (40... e5 41. Rf5 Ke6) 41. Qb7+ Rd7 42. Qa8 {[%csl Gf1,Gf4][%cal Ra8f8]} Rd8 43. Qb7+ (43. Qf3 $142) 43... Rd7 44. Qa8 (44. Qf3 $142 Rc7 45. Rf6) 44... Rd8 $1 {[%cal Rd8a8]} 45. Qxa5 {Strongly threatening Rf8!} Qd3 46. Qe1 (46. Qc7+ $18 Rd7 47. Qb8) 46... Qxa3 $2 {[%mdl 8192]} ({Black should try} 46... Rb8 $14) 47. Qf2 {Threatening mate with Rf7+.} Kd7 48. Rb1 {Threatens to win with Rf7+.} Kc7 $2 (48... Ke7 {is more resistant.} 49. Rf3 Qa8) 49. Rf7+ $2 (49. Rf3 Qa8 50. Rfb3) 49... Rxf7 50. Qxf7+ {[%mdl 4160] Endgame Double Attack. KQR-KQR} Rd7 {[#]} 51. Qf2 $2 ({Don't take} 51. Qxe6 $6 Qd3 $16) (51. Rb7+ $1 $18 {[%mdl 512]} Kxb7 52. Qxd7+ {[%mdl 64] Double Attack} Ka8 53. Qxe6) 51... Qd3 $11 {The position is equal.} 52. Ra1 Qd4 53. Ra7+ Kc6 54. Rxd7 Kxd7 55. Qxd4 cxd4 {K3P-K3P} 56. Kf2 e5 57. Kf3 $1 Ke6 58. Ke4 Kf6 59. h4 Kg6 60. g4 Kf6 61. g5+ Kg6 62. Kf3 Kf5 63. Kf2 e4 64. Ke2 e3 65. Kf3 Kg6 66. Ke2 Kf5 67. Kf3 Kg6 68. Ke2 Kf5 {Black escapes into a draw. Accuracy: White = 63%, Black = 56%.} 1/2-1/2

[Event "ACP-Knockout-2020-Open R2"]
[Site "Emanuel Lasker Arena"]
[Date "2020.07.25"]
[Round "1.1"]
[White "Ivan saric"]
[Black "Evgeny_Romanov"]
[Result "1/2-1/2"]
[WhiteElo "2735"]
[BlackElo "2050"]
[Annotator "TA"]
[PlyCount "63"]
[EventDate "2020.07.25"]
[EventType "match (blitz)"]

{[%evp 12,63,18,13,35,19,32,20,31,39,32,31,29,37,18,9,24,-18,-13,-22,6,1,9,9,10,-15,0,-20,0,0,0,0,0,9,3,0,0,0,0,0,0,-28,-18,-22,0,0,0,0,0,0,0,0,0,0]} 1. e4 e5 2. Nf3 Nc6 3. Bc4 Bc5 4. O-O Nf6 5. d3 d6 6. c3 Bb6 7. a4 {[%cal Ba2a4,Ba4a5][%mdl 32]} O-O {7...a5 is becoming the main line. C54: Giuoco Piano: 4 c3 Nf6, main lines with 5 d4 and 5 d3.} 8. Nbd2 a6 9. h3 Ne7 10. a5 Ba7 11. Re1 Ng6 12. Nf1 c6 13. Ba2 {[#]} Be6 $146 ({Predecessor:} 13... Re8 14. Ng3 h6 15. d4 Be6 16. Bb1 b5 17. axb6 Bxb6 18. Bc2 Qc7 19. Be3 a5 {0-1 (19) Savva,J (2136)-Geryk,M (2078) ICCF email 2019}) 14. Be3 (14. Bxe6 {feels hotter.} fxe6 15. Ng3 d5 16. Ra4 Qc7 17. Ra2) 14... Bxe3 15. Nxe3 Bxa2 16. Rxa2 d5 17. Qc2 Qd7 18. b4 Rad8 19. c4 dxe4 20. dxe4 Qd3 21. Nf5 Qxc2 22. Rxc2 Rd3 23. c5 Rb3 24. Rc4 Rd8 25. Nd6 Rd7 26. Rec1 Kf8 27. R1c3 {The position is equal.} Rb1+ 28. Rc1 Rb2 29. R1c2 Rb1+ 30. Rc1 Rb2 31. R1c2 Rb1+ 32. Rc1 {Accuracy: White = 82%, Black = 96%.} 1/2-1/2

[Event "ACP-Knockout-2020-Open R2"]
[Site "Emanuel Lasker Arena"]
[Date "2020.07.25"]
[Round "1.1"]
[White "VerdeNotte"]
[Black "Dr-Bassem"]
[Result "1/2-1/2"]
[WhiteElo "2726"]
[BlackElo "2597"]
[Annotator "TA"]
[PlyCount "124"]
[EventDate "2020.07.25"]
[EventType "match (blitz)"]

{[%evp 28,124,20,16,15,14,50,0,2,15,60,45,58,59,60,52,53,56,64,79,64,64,60,16,20,24,28,-31,-31,-31,-31,-29,-31,-60,-43,-33,54,54,54,50,106,106,106,105,106,87,87,84,94,81,103,51,47,37,45,8,8,8,8,8,8,8,8,8,8,3,3,3,8,3,4,3,3,3,4,4,4,3,3,0,4,0,3,3,3,3,3,3,3,3,3,0,0,0,0,0,0,0,0]} 1. e4 e5 2. Nf3 Nc6 3. Bc4 Nf6 4. d4 exd4 5. e5 d5 6. Bb5 Ne4 7. Nxd4 Bd7 8. Bxc6 bxc6 9. O-O Bc5 10. f3 Ng5 11. f4 Ne4 12. Be3 Bb6 13. Nd2 Nxd2 14. Qxd2 c5 15. Nf3 d4 {C56: Two Knights: 4 d4 exd4 5 0-0 Nxe4.} 16. Bf2 Bc6 17. Bh4 Qd7 18. Rad1 O-O 19. f5 $1 {[%mdl 64] [#] Strongly threatening f6. Decoy} Qxf5 20. Nxd4 $1 {[#]} Qd7 $146 ({Predecessor:} 20... Qh5 21. Nxc6 Qxh4 22. Qd5 c4+ 23. Kh1 Rae8 24. a4 Qg4 25. a5 Be3 26. Rf3 Bg5 {½-½ (39) Jovanovic,Z (2544)-Saric,I (2632) Sibenik 2012}) 21. Nxc6 Qxc6 22. c4 Qe4 23. Qf4 Qxf4 24. Rxf4 Rae8 25. Re1 Re6 26. Rg4 Rfe8 27. Re3 ({Better is} 27. Rf1 $11) 27... f5 28. Rf4 $1 Rxe5 29. Rxe5 Rxe5 $15 {[%mdl 4096] Endgame KRB-KRB} 30. Bg3 g6 31. Kf1 Kf7 (31... Re7 $15) 32. Rh4 $14 Re4 33. Rxh7+ Kf6 (33... Ke6 $14) 34. b3 $16 ({Don't play} 34. Bxc7 Rxc4 35. Bxb6 axb6 $15) 34... f4 35. Be1 g5 36. h3 Re3 37. Rd7 a5 38. Bd2 Rg3 {[#]} 39. h4 ({White should try} 39. Rd8 $1 $16) 39... gxh4 $14 40. Bxf4 Rc3 $1 41. Bxc7 (41. Bd2 {feels hotter.} Rc2 42. a4 Kf5 43. Ke2 Rb2 44. Rd3) 41... Bxc7 {The position is equal.} 42. Rxc7 {KR-KR} Rc1+ 43. Kf2 Rc2+ 44. Kf3 Rxa2 45. Rxc5 Ra3 46. Ke4 Rxb3 47. Rxa5 Rb2 48. Ra6+ Kf7 49. Kf3 Rc2 50. Rc6 Ke7 51. c5 Rc3+ 52. Ke4 Rc2 53. Kf3 Rc3+ 54. Ke4 Rc2 55. Kd5 {White wants to play Rc7+.} Rd2+ 56. Ke5 Re2+ 57. Kf4 Rxg2 58. Rh6 Rc2 59. Rxh4 Rc4+ 60. Kg3 Rxh4 61. Kxh4 Kd7 62. c6+ Kxc6 {Accuracy: White = 84%, Black = 89%.} 1/2-1/2

[Event "ACP-Knockout-2020-Open R2"]
[Site "Emanuel Lasker Arena"]
[Date "2020.07.25"]
[Round "1.1"]
[White "KovalenkoIgorGM"]
[Black "Murzin"]
[Result "1-0"]
[WhiteElo "1620"]
[BlackElo "2300"]
[Annotator "TA"]
[PlyCount "109"]
[EventDate "2020.07.25"]
[EventType "match (blitz)"]

{[%evp 18,109,41,39,48,26,70,60,73,83,74,72,116,94,125,103,110,121,178,108,104,87,172,156,144,128,120,108,164,92,295,284,321,335,456,443,500,492,552,541,509,507,514,502,783,770,688,352,477,445,482,474,561,490,562,561,551,537,723,575,1241,1232,1236,1224,1241,1223,1241,1241,1234,1230,1234,1234,1194,1193,1156,0,0,0,1141,1018,1141,1040,29966,29972,29974,29976,29974,4827,29978,29978,29987,29983,29985,29986]} 1. d4 Nf6 2. Nf3 g6 3. c4 Bg7 4. Nc3 d6 5. e4 O-O 6. Be2 e5 7. O-O Nc6 8. d5 Ne7 9. b4 Nd7 10. a4 a5 {E97: King's Indian: Classical Main Line (6...e5 7 0-0 Nc6): 8 Be3 and 8 d5 Ne7, not 9 Ne1.} 11. Ba3 h6 12. Nd2 f5 {White is slightly better.} 13. bxa5 {[#]} fxe4 $146 ({Predecessor:} 13... Rxa5 14. Nb3 Ra8 15. c5 Nxc5 16. Nxc5 dxc5 17. Bxc5 fxe4 18. Nxe4 Rf4 19. Bc4 Rxe4 20. Bxe7 {1-0 (66) Malataras,G (1641)-Bardis,H (1430) Porto Rio 2016}) 14. Ndxe4 Nf5 15. c5 Nxc5 16. Nxc5 dxc5 17. Bxc5 Re8 (17... Nd6 $16 {might work better.}) 18. Bb5 (18. Rc1 $18) 18... Bd7 $16 19. Ne4 Nd4 (19... Rxa5 $16 20. Qb3 Bxb5 21. axb5 Rxa1 22. Rxa1 Nd4 23. Bxd4 exd4) 20. d6 $18 {aiming for dxc7.} Rxa5 21. Rc1 c6 22. Bc4+ Kh8 (22... Kh7 $16) 23. Bf7 ({White should play} 23. Rb1 $18) 23... Bf5 $2 (23... Rf8 $16 24. Bxg6 b6) 24. Bxe8 Qxe8 25. Re1 Qd8 26. Bxd4 {[#] Strongly threatening Nc5.} exd4 27. Nc5 Ra7 28. Qb3 b6 29. Ne6 Qxd6 30. Qxb6 Rd7 (30... Qd7 $142 31. Nxg7 Rb7 32. Qxc6 Qxg7) 31. Nxg7 Kxg7 32. Qxc6 Qxc6 33. Rxc6 {[%mdl 4096] Endgame KRR-KRB} d3 {[#] White must now prevent ...d2.} 34. f3 h5 35. Kf2 Rb7 36. a5 Rb2+ 37. Kg3 h4+ 38. Kf4 Rxg2 39. a6 Ra2 40. Re7+ Kh6 41. a7 Ra4+ 42. Ke3 Kg5 43. Rd6 Ra2 44. Rf7 Re2+ 45. Kd4 Ra2 46. Ke3 Re2+ 47. Kd4 Ra2 48. Kc5 Kf4 49. Rd8 Rc2+ 50. Kb4 Ra2 51. a8=Q Rxa8 52. Rxa8 Kxf3 53. Kc3 {White mates.} Kg2 54. Ra2+ Kh3 55. Rf2 {Accuracy: White = 84%, Black = 42%.} 1-0

[Event "ACP-Knockout-2020-Open R2"]
[Site "Emanuel Lasker Arena"]
[Date "2020.07.25"]
[Round "1.1"]
[White "Nikita Vitiugov"]
[Black "GMIvanSalgado"]
[Result "1-0"]
[WhiteElo "1620"]
[BlackElo "1676"]
[Annotator "NA RC"]
[PlyCount "145"]
[EventDate "2020.07.25"]
[EventType "match (blitz)"]

1. Nf3 {[%emt 0:00:05]} d5 {[%emt 0:00:06]} 2. g3 {[%emt 0:00:06]} g6 {[%emt 0:00:04]} 3. Bg2 {[%emt 0:00:41]} Bg7 {[%emt 0:00:04]} 4. c4 {[%emt 0:00:03]} c6 {[%emt 0:00:03]} 5. Qa4 {[%emt 0:00:05]} e6 {[%emt 0:00:45]} 6. O-O {[%emt 0:00:20]} Nd7 {[%emt 0:00:05]} 7. d3 {[%emt 0:00:28]} Ne7 {[%emt 0:00:27]} 8. Nc3 {[%emt 0:00:04]} O-O {[%emt 0:00:06]} 9. Bg5 {[%emt 0:00:17]} h6 {[%emt 0:00:04]} 10. Bd2 {[%emt 0:00:41]} e5 {[%emt 0:00:21]} 11. cxd5 {[%emt 0:00:22]} cxd5 {[%emt 0:00:13]} 12. Qa3 {[%emt 0:00:17]} Nb8 {[%emt 0:00:48]} 13. e4 {[%emt 0:00:45]} dxe4 {[%emt 0:02:00]} 14. dxe4 {[%emt 0:00:03]} Nbc6 {[%emt 0:00:01]} 15. Be3 {[%emt 0:00:02]} Nd4 {[%emt 0:00:43]} 16. Bxd4 {[%emt 0:00:30]} exd4 {[%emt 0:00:02]} 17. Nb5 {[%emt 0:00:16]} Nc6 {[%emt 0:00:03]} 18. Rfd1 {[%emt 0:00:37]} Qb6 {[%emt 0:00:15]} 19. Nd6 {[%emt 0:00:08]} Be6 {[%emt 0:00:04]} 20. Rac1 {[%emt 0:00:18]} Rfd8 {[%emt 0:00:06]} 21. Nc4 {[%emt 0:00:48]} Qb4 {[%emt 0:00:31]} 22. Qd3 {[%emt 0:00:55]} b5 {[%emt 0:01:37]} 23. Ncd2 {[%emt 0:00:39]} Rac8 {[%emt 0:00:09]} 24. a3 {[%emt 0:00:24]} Qa4 {[%emt 0:00:33]} 25. Bf1 {[%emt 0:00:35]} a6 {[%emt 0:00:16]} 26. h3 {[%emt 0:00:08]} Na5 {[%emt 0:00:40]} 27. h4 {[%emt 0:00:13]} Rxc1 {[%emt 0:00:26]} 28. Rxc1 {[%emt 0:00:01]} Nc4 {[%emt 0:00:01]} 29. Rc2 {[%emt 0:00:15]} Qa5 {[%emt 0:00:16]} 30. Kh2 {[%emt 0:00:09]} Qb6 {[%emt 0:00:03]} 31. Bh3 {[%emt 0:00:13]} Bxh3 {[%emt 0:00:19]} 32. Kxh3 {[%emt 0:00:01]} Ne3 {[%emt 0:00:25]} 33. Rc1 {[%emt 0:00:08]} Qe6+ {[%emt 0:00:11]} 34. Kh2 {[%emt 0:00:02]} Ng4+ {[%emt 0:00:01]} 35. Kg2 {[%emt 0:00:03]} Qa2 {[%emt 0:00:08]} 36. Rc2 {[%emt 0:00:09]} Qe6 {[%emt 0:00:01]} 37. b4 {[%emt 0:00:17]} Kh7 {[%emt 0:00:24]} 38. Nb3 {[%emt 0:00:10]} Re8 {[%emt 0:00:03]} 39. Nc5 {[%emt 0:00:21]} Qd6 {[%emt 0:00:19]} 40. Qb3 {[%emt 0:00:28]} Re7 {[%emt 0:00:05]} 41. Nd3 {[%emt 0:00:07]} Qd7 {[%emt 0:00:14]} 42. Qd5 {[%emt 0:00:12]} Qxd5 {[%emt 0:00:07]} 43. exd5 {[%emt 0:00:01]} Rd7 {[%emt 0:00:01]} 44. Rc6 {[%emt 0:00:06]} Rxd5 {[%emt 0:00:06]} 45. Rxa6 {[%emt 0:00:01]} Nf6 {[%emt 0:00:02]} 46. Ra7 {[%emt 0:00:05]} Nd7 {[%emt 0:00:06]} 47. Nd2 {[%emt 0:00:13]} Kg8 {[%emt 0:00:08]} 48. Ra8+ {[%emt 0:00:12]} Kh7 {[%emt 0:00:10]} 49. Kf3 {[%emt 0:00:21]} Nb6 {[%emt 0:00:05]} 50. Ra7 {[%emt 0:00:03]} Nc4 {[%emt 0:00:02]} 51. Ne4 {[%emt 0:00:03]} Kg8 {[%emt 0:00:10]} 52. Ra8+ {[%emt 0:00:02]} Kh7 {[%emt 0:00:02]} 53. Ra7 {[%emt 0:00:02]} Kg8 {[%emt 0:00:01]} 54. Nec5 {[%emt 0:00:04]} Rd8 {[%emt 0:00:09]} 55. g4 {[%emt 0:00:28]} Re8 {[%emt 0:00:03]} 56. h5 {[%emt 0:00:05]} Nd2+ {[%emt 0:00:04]} 57. Kg2 {[%emt 0:00:03]} gxh5 {[%emt 0:00:00]} 58. gxh5 {[%emt 0:00:01]} Nc4 {[%emt 0:00:00]} 59. Kf3 {[%emt 0:00:05]} Bf6 {[%emt 0:00:10]} 60. Ra6 {[%emt 0:00:05]} Bg7 {[%emt 0:00:03]} 61. Kg4 {[%emt 0:00:04]} Re2 {[%emt 0:00:06]} 62. Ra8+ {[%emt 0:00:08]} Kh7 {[%emt 0:00:01]} 63. a4 {[%emt 0:00:03]} bxa4 {[%emt 0:00:02]} 64. Rxa4 {[%emt 0:00:02]} Nb6 {[%emt 0:00:07]} 65. Ra7 {[%emt 0:00:03]} Kg8 {[%emt 0:00:02]} 66. Rb7 {[%emt 0:00:04]} Nd5 {[%emt 0:00:01]} 67. Kf3 {[%emt 0:00:02]} Rc2 {[%emt 0:00:05]} 68. Rb8+ {[%emt 0:00:05]} Kh7 {[%emt 0:00:01]} 69. b5 {[%emt 0:00:04]} Rc3 {[%emt 0:00:21]} 70. Ke4 {[%emt 0:00:10]} Nf6+ {[%emt 0:00:23]} 71. Kf5 {[%emt 0:00:01]} Ng8 {[%emt 0:00:05]} 72. Rb7 {[%emt 0:00:09]} Kh8 {[%emt 0:00:09]} 73. Rxf7 {[%emt 0:00:05] GMIvanSalgado resigns (Lag: Av=0.90s, max=1.2s)} 1-0

[Event "ACP-Knockout-2020-Open R2"]
[Site "Emanuel Lasker Arena"]
[Date "2020.07.25"]
[Round "1.2"]
[White "Dr-Bassem"]
[Black "VerdeNotte"]
[Result "0-1"]
[WhiteElo "2603"]
[BlackElo "2720"]
[Annotator "TA"]
[PlyCount "76"]
[EventDate "2020.07.25"]
[EventType "match (blitz)"]

{[%evp 16,76,-4,-8,-12,-17,-11,-21,-19,-33,-31,-35,-20,-28,-23,-18,-28,-21,-31,-23,-16,-156,-143,-120,-119,-111,-80,-82,0,-137,0,-90,-58,-55,-47,-75,-14,-35,-27,-36,-38,-29,-20,-14,-25,-25,-4,-23,-25,-55,-23,-24,-29,-89,-91,-231,-243,-365,-357,-379,-331,-732,-691]} 1. e4 c5 2. Nf3 d6 3. g3 Nf6 4. d3 g6 5. Bg2 Bg7 6. O-O Nc6 7. Re1 O-O 8. c3 e5 {The main line 8...e5 scores better than 8...Bg4.} 9. a3 b5 {[%cal Bb7b5,Bb5b4][%mdl 32] A05: Réti Opening: 1 Nf3 Nf6.} 10. h3 a5 11. a4 b4 {The position is equal.} 12. Be3 Rb8 13. Nbd2 {[#]} Re8 $5 $146 {[%mdl 8] An interesting novelty.} ({Predecessor:} 13... h6 14. Rc1 Re8 15. d4 bxc3 16. bxc3 exd4 17. cxd4 Nb4 18. Nc4 Nxe4 19. dxc5 Na2 20. Nxd6 Nxd6 {1-0 (53) Amin,B (2686)-Giri,A (2764) chess.com INT 2020}) 14. Rc1 Ba6 15. d4 bxc3 16. bxc3 cxd4 17. cxd4 Nb4 18. Nc4 (18. dxe5 $11 {remains equal.} dxe5 19. Bf1) 18... Nxe4 $17 19. dxe5 d5 $36 {[%mdl 2048] Black is really pushing.} ({Don't play} 19... dxe5 $6 20. Nfxe5 Qxd1 21. Rexd1 $11) 20. Nb2 Na2 21. Rc6 Nb4 (21... Ra8 $142) 22. Rc1 Na2 23. Rc6 Rxb2 24. Rxa6 Nb4 25. Ra7 $1 {[#]} Nc6 (25... Nc2 $1 $17 {[%cal Rc2e3]} 26. Bc1 Nxf2) 26. Qc1 Rb6 27. Ra8 Qxa8 28. Bxb6 Nxe5 29. Nxe5 Bxe5 30. Qc2 Qb7 31. Bxa5 {[%cal Rg2e4]} Qa7 32. Bb4 Bxg3 33. Bxe4 dxe4 34. Bc5 (34. a5 $11 {keeps the balance.}) 34... Qa5 35. Rd1 {[#] This move loses the game for White.} (35. Re3 $17 Bb8 36. Bd4) 35... Bf4 $1 $19 {Threatens to win with ...Qc7.} 36. Qc4 (36. Rd7 {was the only chance.} e3 37. Qc4 exf2+ 38. Bxf2 Qg5+ 39. Kh1) 36... Qc7 37. a5 e3 38. Qb5 $2 (38. Qa4 Re6 39. Bb6 exf2+ 40. Kg2 Qb7+ 41. Kxf2) 38... Re5 {Accuracy: White = 57%, Black = 81%.} 0-1